000 00715nam a22001577a 4500
008 110905s1953 ua|||||r|||| 00| 0 ara d
082 _222
_a250
_bم و د
100 _927020
_aالمودودي ، أبو الأعلى
245 _aتدوين الدستور الإسلامي /
_cأبو الأعلى المودودي
260 _aالقاهرة :
_bدار التراث العربي ، [1953]
_c[1953]
300 _a62 ص ؛
_c20 سم
650 _915034
_aالشريعة الإسلامية
650 _921297
_aالقانون
942 _2ddc
_cBB
999 _c15955
_d15955